History Quiz

Random History or Numbers Quiz

US Presidents in Reverse Quiz Stats

 Plays Quiz Updated Mar 18, 2020

     
Support Sporcle.
Go Orange.
Score 0/46 Timer 05:00
36 Plays Today
Number President % Correct
????
100%
????
100%
????
99.9%
????
99.7%
????
99.4%
????
99.1%
????
97.5%
????
95.8%
????
93.7%
????
93.1%
????
91%
????
90.5%
????
88.5%
????
86.5%
????
85.9%
????
82.8%
????
79.3%
????
74.2%
????
72.5%
????
70.6%
????
69.6%
????
66.7%
????
64.4%
Number President % Correct
????
61.5%
????
60.4%
????
57.9%
????
55.5%
????
53.6%
????
53.2%
????
52.6%
????
52.5%
????
50.7%
????
49.2%
????
47.6%
????
46.6%
????
45.8%
????
45.2%
????
43.8%
????
42.8%
????
42.4%
????
41.9%
????
41.3%
????
41%
????
40.8%
????
40.6%
????
40.4%

From the Vault

Countries by Penultimate Letter

by Fusty

These penultimate letters refuse to let those final letters have all the fun.
Remove Ads.
Support Sporcle.
Get the best of Sporcle when you Go Orange. This ad-free experience offers more features, more stats, and more fun while also helping to support Sporcle. Thank you for becoming a member.

Show Comments

Extras

Top Quizzes Today


Score Distribution

Your Account Isn't Verified!

In order to create a playlist on Sporcle, you need to verify the email address you used during registration. Go to your Sporcle Settings to finish the process.

Report this User

Report this user for behavior that violates our Community Guidelines.

Details: